01125nam a22002297a 4500001000500000005001700005020001800022040002800040050002200068082001800090100003800108245004000146260004900186300002300235490004100258500010000299500006100399505000600460520039300466521001800859521001800877167820230914124129.0 a9780316387439 aDLCbengcDLCerdadDLC00aPZ7.I673bIq 201400a741.5/9732231 aIrvine, Alexanderq(Alexander C.)10aIron Man /cadapted by Alex Irvine. aNew York :bLittle, Brown and Company,c2014 a247 pages :c21 cm0 aMarvel cinematic universe. Phase one a"Iron Man. Based on the screenplay by Mark Fergus & Hawk Ostby and Art Marcum & Matt Holloway." a"Iron Man 2. Based on the screenplay by Justin Theroux." aM aTony Stark was once just a billionaire industrialist. But after building himself a lifesaving suit of armor, he became Iron Man. Join the action as this Super Hero fights for the American way against Iron Monger and Whiplash in his ongoing saga as told in Iron Man and Iron Man 2. Re-live all of The Avengers' individual stories before they reassemble in Marvel's Avengers: Age of Ultron. a730 bLexile aM bRaz-Plus